Catálogo

Vista normal Vista MARC

Entrada Personal Name

Número de registros utilizados en: 1

001 - CONTROL NUMBER

  • control field: 10776

003 - CONTROL NUMBER IDENTIFIER

  • control field: DLC

005 - DATE AND TIME OF LATEST TRANSACTION

  • control field: 20200318125325.0

008 - FIXED-LENGTH DATA ELEMENTS

  • fixed length control field: 061018n| azannaabn |n aaa c

010 ## - LIBRARY OF CONGRESS CONTROL NUMBER

  • LC control number: no2006110721

035 ## - SYSTEM CONTROL NUMBER

  • System control number: (OCoLC)oca07082545

040 ## - CATALOGING SOURCE

  • Original cataloging agency: IAhCCS
  • Language of cataloging: spa
  • Description conventions: rda
  • Transcribing agency: Mx-PuUPA
  • Modifying agency: UPB
  • Modifying agency: DLC
  • Modifying agency: Mx-PuUPA

046 ## - SPECIAL CODED DATES

  • Birth date: 1965
  • Source of date scheme: edtf

053 #0 - LC CLASSIFICATION NUMBER

  • Classification number element--single number or beginning number of span: PQ7798.429.I46

100 1# - HEADING--PERSONAL NAME

  • Personal name: Siemens, Sandra,
  • Dates associated with a name: 1965-

372 ## - FIELD OF ACTIVITY

  • Field of activity: Juvenile fiction
  • Source of term: lcsh

374 ## - OCCUPATION

  • Occupation: Authors
  • Source of term: lcsh

375 ## - GENDER

  • Gender: Women
  • Source of term: lcdgt

377 ## - ASSOCIATED LANGUAGE

  • Language code: spa

670 ## - SOURCE DATA FOUND

  • Source citation: El monstruo Groppopol, c2005:
  • Information found: t.p. (Sandra Siemens)

670 ## - SOURCE DATA FOUND

  • Source citation: Lucía, no tardes, 2015:
  • Information found: title page (Sandra Siemens) page 4 of cover (Sandra Siemens (1965); has published short stories and novels for children and youth for which she has receveived numerous distinctions, among which the premio El Barco de Vapor for her work La muralla)

670 ## - SOURCE DATA FOUND

  • Source citation: La muralla, 2016:
  • Information found: title page (Sandra Siemens) of cover

670 ## - SOURCE DATA FOUND

  • Source citation: Biblioteca del congreso (Estados Unidos), 18 marzo 2020:
  • Information found: Catálogo electrónico
  • Uniform Resource Identifier: http://bit.ly/2WrkTJg